| 000 -LEADER |
| fixed length control field |
00915nam a22002897a 4500 |
| 001 - CONTROL NUMBER |
| control field |
6210532 |
| 003 - CONTROL NUMBER IDENTIFIER |
| control field |
LIBRIS |
| 005 - DATE AND TIME OF LATEST TRANSACTION |
| control field |
20210419081424.0 |
| 008 - FIXED-LENGTH DATA ELEMENTS--GENERAL INFORMATION |
| fixed length control field |
011211s1983 xxu 000 0 eng c |
| 020 ## - INTERNATIONAL STANDARD BOOK NUMBER |
| International Standard Book Number |
0875632262 |
| 040 ## - CATALOGING SOURCE |
| Original cataloging agency |
Ja |
| Language of cataloging |
eng |
| Transcribing agency |
DLC |
| 041 ## - LANGUAGE CODE |
| Language code of text/sound track or separate title |
eng |
| 080 ## - UNIVERSAL DECIMAL CLASSIFICATION NUMBER |
| Universal Decimal Classification number |
58 |
| Item number |
D-62 |
| 100 1# - MAIN ENTRY--PERSONAL NAME |
| Personal name |
Dirr, Michael A. |
| 245 00 - TITLE STATEMENT |
| Title |
Manual of woody landscape plants : |
| Remainder of title |
their identification, ornamental characteristics, culture, propagation and uses / |
| Statement of responsibility, etc. |
Michael A. Dirr ; ill. by Margaret Stephan ... |
| 250 ## - EDITION STATEMENT |
| Edition statement |
3rd edition |
| 260 ## - PUBLICATION, DISTRIBUTION, ETC. |
| Place of publication, distribution, etc. |
Champaign, Ill. : |
| Name of publisher, distributor, etc. |
Stipes Publishing Company |
| Date of publication, distribution, etc. |
1983 |
| 300 ## - PHYSICAL DESCRIPTION |
| Extent |
826 p. |
| Other physical details |
ill. |
| 365 ## - TRADE PRICE |
| Price amount |
24.80 usd |
| 500 ## - GENERAL NOTE |
| General note |
Ursprungligen utg.: 1975 |
| 650 #7 - SUBJECT ADDED ENTRY--TOPICAL TERM |
| Topical term or geographic name entry element |
ornamental plants |
| Source of heading or term |
agrovoc |
| 650 #0 - SUBJECT ADDED ENTRY--TOPICAL TERM |
| Topical term or geographic name entry element |
Botanics |
| 9 (RLIN) |
727 |
| 653 ## - INDEX TERM--UNCONTROLLED |
| Uncontrolled term |
ბოტანიკა |
| 942 ## - ADDED ENTRY ELEMENTS (KOHA) |
| Source of classification or shelving scheme |
|
| Koha item type |
Books |
| Edition |
3 |